00358nam a22001337a 450000500170000000800410001704100120005808200130007010000120008324500390009526000360013430000290017065000250019920240819071319.0240819b |||||||| |||| 00| 0 eng d aEnglish a349 LAW  lEnglish aThe Law Reports: Probate Division  aLondon: bLincoln's Inn, c1953 bxi, 285 pages; c25 cm.  aLegal practice bLaw